| 000 | 00618nam a2200217Ia 4500 | ||
|---|---|---|---|
| 005 | 20250923144431.0 | ||
| 008 | 008 250917s9999 xx 000 0 eng d | ||
| 037 | _aTextual | ||
| 040 |
_aDSWL _beng _cDSWL |
||
| 041 |
_aeng _2eng |
||
| 084 |
_aY:f, N51.2 _qDSWL |
||
| 100 |
_aJahoda, Maric _9824850 |
||
| 245 | 0 |
_aResearch methods in social relation with special referance to prejudice,part1and2 _cby Maric Jahoda |
|
| 260 | _c1951 | ||
| 300 | _a421 p. | ||
| 365 |
_aUSD _b3.95 |
||
| 700 |
_aM Deutsch _9824851 |
||
| 925 | _g3.95 | ||
| 942 |
_cTEXL _hY:f, N51.2 |
||
| 999 |
_c1438841 _d1438841 |
||